000 00416nam a22001697a 4500
005 20180704120736.0
008 160525b xxu||||| |||| 00| 0 eng d
020 _a978-81-7194-520-7
041 _aeng
082 _b4802
_a658.15
100 _aKishore, Ravi M.
_91159
245 _aFinancial Management
260 _aNew Delhi
_bAcademic Faundation
300 _a1257p,
650 _aManagement
_9241
942 _cBK
999 _c1634
_d1633